[Event "Landesliga Sued 1819"]
[Site "Bayern"]
[Date "2019.02.24"]
[Round "7.4"]
[White "Taggatz, Mario"]
[Black "Haizmann, Thomas"]
[Result "1-0"]
[WhiteElo "2167"]
[BlackElo "2125"]
[PlyCount "79"]
[EventDate "2018.10.21"]
[EventType "team-tourn"]
[EventRounds "9"]
[EventCountry "GER"]
[SourceTitle "EXT 2022"]
[Source "ChessBase"]
[SourceDate "2021.10.06"]
[SourceVersion "1"]
[SourceVersionDate "2021.10.06"]
[SourceQuality "1"]
[WhiteTeam "Groebenzell"]
[BlackTeam "Muenchen SC II"]
[WhiteTeamCountry "GER"]
[BlackTeamCountry "GER"]

1. d4 Nf6 2. Nf3 e6 3. Bg5 d5 4. e3 Be7 5. Nbd2 c5 6. c3 Nc6 7. Bd3 0-0 8. Ne5 Nd7 9. Bxe7 Qxe7 10. f4 Ndxe5 11. dxe5 f6 12. exf6 Rxf6 13. 0-0 e5 14. Qe1 Be6 15. Qh4 e4 16. Bc2 Bf5 17. Rae1 c4 18. Kh1 Qe6 19. Bd1 Rh6 20. Qf2 Ne7 21. Qe2 Rh4 22. g3 Bg4 23. Qf2 Rh6 24. f5 Bxf5 25. g4 Bg6 26. Qf4 Kh8 27. g5 Rh5 28. Bg4 Qc6 29. Qe5 Ng8 30. Bxh5 Bxh5 31. Rf5 Bg6 32. Rf2 Re8 33. Qd4 b6 34. Ref1 Qb7 35. Rf4 h6 36. h4 Qd7 37. Kh2 Qe6 38. Rg1 Kh7 39. Nf1 hxg5 40. Rxg5 1-0

[Event "Regionalliga Sued-West 1718"]
[Site "Bayern"]
[Date "2018.03.18"]
[Round "8.2"]
[White "Haizmann, Thomas"]
[Black "Lichtenstern, Christoph"]
[Result "1/2-1/2"]
[WhiteElo "2096"]
[BlackElo "2163"]
[PlyCount "50"]
[EventDate "2017.10.22"]
[EventType "team-tourn"]
[EventRounds "9"]
[EventCountry "GER"]
[SourceTitle "EXT 2022"]
[Source "ChessBase"]
[SourceDate "2021.10.06"]
[SourceVersion "1"]
[SourceVersionDate "2021.10.06"]
[SourceQuality "1"]
[WhiteTeam "Muenchen SC II"]
[BlackTeam "Haar"]
[WhiteTeamCountry "GER"]
[BlackTeamCountry "GER"]

1. d4 Nf6 2. c4 e6 3. Nf3 d5 4. Nc3 h6 5. Bf4 Bd6 6. Bg3 c6 7. e3 Bxg3 8. hxg3 Nbd7 9. Bd3 dxc4 10. Bxc4 Qe7 11. Qb3 b5 12. Be2 a5 13. Rc1 0-0 14. 0-0 Ba6 15. Qc2 Rfc8 16. Ne4 Nxe4 17. Qxe4 c5 18. dxc5 Nxc5 19. Qe5 b4 20. Bxa6 Rxa6 21. Nd4 f6 22. Qh5 e5 23. Nf5 Qf8 24. Rc4 Ra7 25. Qg6 Kh8 1/2-1/2

[Event "Regionalliga Sued-West 1718"]
[Site "Bayern"]
[Date "2017.12.10"]
[Round "4.1"]
[White "Haizmann, Thomas"]
[Black "Heigermoser, Robert"]
[Result "1-0"]
[WhiteElo "2096"]
[BlackElo "2105"]
[PlyCount "95"]
[EventDate "2017.10.22"]
[EventType "team-tourn"]
[EventRounds "9"]
[EventCountry "GER"]
[SourceTitle "EXT 2022"]
[Source "ChessBase"]
[SourceDate "2021.10.06"]
[SourceVersion "1"]
[SourceVersionDate "2021.10.06"]
[SourceQuality "1"]
[WhiteTeam "Muenchen SC II"]
[BlackTeam "Zugzwang MSA II"]
[WhiteTeamCountry "GER"]
[BlackTeamCountry "GER"]

1. d4 Nf6 2. c4 g6 3. Nc3 Bg7 4. e4 d6 5. Nf3 0-0 6. Be2 e5 7. Be3 Na6 8. 0-0 Ng4 9. Bg5 Qe8 10. h3 h6 11. Bh4 exd4 12. Nxd4 Nf6 13. Bf3 c6 14. Bg3 Qd8 15. Qd2 Re8 16. Rfe1 Nh7 17. Bd1 Ng5 18. Bc2 Qb6 19. Nb3 Bxh3 20. Bxd6 Be6 21. c5 Qd8 22. Qf4 Nb4 23. Bb1 Bxb3 24. axb3 Ne6 25. Qg4 Nd4 26. Qd1 Qg5 27. Re3 Be5 28. Bd3 a5 29. Rh3 Kg7 30. Bc4 Ne6 31. Qf3 Rad8 32. Rd1 Bxd6 33. cxd6 b5 34. Bxe6 Rxe6 35. Rg3 Qe5 36. d7 Re7 37. Qg4 Qc7 38. e5 Rdxd7 39. Re1 Re6 40. f4 Qa7+ 41. Kh2 Qf2 42. Re2 Qd4 43. Re4 Qc5 44. f5 h5 45. Qg5 h4 46. f6+ Kg8 47. Rxh4 Qxe5 48. Rh8+ 1-0

[Event "Oberliga Bayern 1617"]
[Site "Bayern"]
[Date "2017.04.30"]
[Round "9.8"]
[White "Werner, Claus"]
[Black "Haizmann, Thomas"]
[Result "1-0"]
[WhiteElo "2175"]
[BlackElo "2122"]
[PlyCount "89"]
[EventDate "2016.10.16"]
[EventType "team-tourn"]
[EventRounds "9"]
[EventCountry "GER"]
[SourceTitle "EXT 2019"]
[Source "ChessBase"]
[SourceDate "2018.10.10"]
[SourceVersion "1"]
[SourceVersionDate "2018.10.10"]
[SourceQuality "1"]
[WhiteTeam "Regensburg Post/Sued"]
[BlackTeam "Muenchen 36"]
[WhiteTeamCountry "GER"]
[BlackTeamCountry "GER"]

1. e4 Nf6 2. Nc3 d5 3. e5 Ne4 4. Nce2 f6 5. d3 Ng5 6. f4 Nf7 7. d4 e6 8. Nf3 c5 9. c3 Qb6 10. exf6 gxf6 11. f5 cxd4 12. fxe6 Qxe6 13. Qxd4 Nc6 14. Qe3 Nfe5 15. Nf4 Qd6 16. Be2 Bh6 17. 0-0 Bf5 18. Nd4 Bg6 19. Qh3 Bxf4 20. Bxf4 0-0 21. Rad1 Rae8 22. Kh1 Qd7 23. Qh4 Be4 24. Bh6 Ng6 25. Qh5 Nxd4 26. Rxd4 Rf7 27. Bf3 Re5 28. Qg4 f5 29. Qh3 Qb5 30. Rfd1 Re8 31. b3 Qc6 32. c4 dxc4 33. Rxc4 Qb6 34. Bxe4 fxe4 35. Rc8 Qb5 36. Rxe8+ Qxe8 37. Qg3 Rd7 38. Re1 Qe5 39. Qg4 Qd5 40. h4 e3 41. h5 Qd2 42. Rf1 Rf7 43. Qc8+ Nf8 44. Qxf8+ Rxf8 45. Rxf8# 1-0

[Event "Regionalliga SW 1617"]
[Site "Bayern"]
[Date "2017.04.02"]
[Round "8.1"]
[White "Haizmann, Thomas"]
[Black "Schmidt, Georg"]
[Result "1-0"]
[WhiteElo "2122"]
[BlackElo "2283"]
[PlyCount "59"]
[EventDate "2016.10.16"]
[EventType "team-tourn"]
[EventRounds "9"]
[EventCountry "GER"]
[SourceTitle "EXT 2019"]
[Source "ChessBase"]
[SourceDate "2018.10.10"]
[SourceVersion "1"]
[SourceVersionDate "2018.10.10"]
[SourceQuality "1"]
[WhiteTeam "Muenchen 36 II"]
[BlackTeam "Unterhaching"]
[WhiteTeamCountry "GER"]
[BlackTeamCountry "GER"]

1. d4 d6 2. Nf3 Nf6 3. c4 Nbd7 4. Nc3 e5 5. e4 Be7 6. Be2 0-0 7. 0-0 Re8 8. Re1 exd4 9. Nxd4 Bf8 10. Bf1 c6 11. Qc2 d5 12. Bg5 Qb6 13. Rad1 dxe4 14. Nxe4 Nxe4 15. Rxe4 Rxe4 16. Qxe4 Qxb2 17. Qe8 Nb6 18. Nxc6 Be6 19. Ne7+ Kh8 20. Rd8 Rxd8 21. Qxd8 Nd7 22. Nd5 f6 23. Bf4 g5 24. Bd6 Kg7 25. Nc7 Bf5 26. Bxf8+ Nxf8 27. Qe7+ Kg8 28. Ne8 Ne6 29. Nxf6+ Kh8 30. Qf7 1-0

[Event "Regionalliga SW 1617"]
[Site "Bayern"]
[Date "2016.11.20"]
[Round "2.2"]
[White "Haizmann, Thomas"]
[Black "Bonacci, Mauro"]
[Result "1/2-1/2"]
[WhiteElo "2122"]
[BlackElo "2067"]
[PlyCount "68"]
[EventDate "2016.10.16"]
[EventType "team-tourn"]
[EventRounds "9"]
[EventCountry "GER"]
[SourceTitle "EXT 2019"]
[Source "ChessBase"]
[SourceDate "2018.10.10"]
[SourceVersion "1"]
[SourceVersionDate "2018.10.10"]
[SourceQuality "1"]
[WhiteTeam "Muenchen 36 II"]
[BlackTeam "MSA Zugzwang II"]
[WhiteTeamCountry "GER"]
[BlackTeamCountry "GER"]

1. d4 Nf6 2. c4 g6 3. Nf3 Bg7 4. Nc3 d5 5. Bf4 c6 6. e3 e6 7. Bd3 Nbd7 8. 0-0 0-0 9. h3 Re8 10. Rc1 dxc4 11. Bxc4 Nd5 12. Bg3 Nxc3 13. bxc3 b5 14. Be2 Qa5 15. Qb3 Ba6 16. c4 bxc4 17. Bxc4 Bxc4 18. Rxc4 c5 19. dxc5 Nxc5 20. Qc2 Nd7 21. Rb1 Nb6 22. Rc5 Qa4 23. Qxa4 Nxa4 24. Rc7 Rec8 25. Rbb7 Rxc7 26. Rxc7 Nc3 27. Be5 Nxa2 28. Bxg7 Kxg7 29. Ng5 h6 30. Nxf7 Nb4 31. Ne5+ Kg8 32. Ng4 a5 33. Nf6+ Kf8 34. Rd7 a4 1/2-1/2

[Event "Regionalliga SW 1516"]
[Site "Bayern"]
[Date "2016.04.10"]
[Round "9.1"]
[White "Moufang, Rainer"]
[Black "Haizmann, Thomas"]
[Result "1-0"]
[WhiteElo "2288"]
[BlackElo "2122"]
[PlyCount "93"]
[EventDate "2015.10.11"]
[EventType "team-tourn"]
[EventRounds "9"]
[EventCountry "GER"]
[SourceTitle "EXT 2018"]
[Source "ChessBase"]
[SourceDate "2017.10.13"]
[SourceVersion "1"]
[SourceVersionDate "2017.10.13"]
[SourceQuality "1"]
[WhiteTeam "Haar"]
[BlackTeam "Muenchen Siemens"]
[WhiteTeamCountry "GER"]
[BlackTeamCountry "GER"]

1. d4 d5 2. c4 e6 3. Nf3 Nf6 4. g3 Be7 5. Bg2 0-0 6. 0-0 dxc4 7. Nbd2 c5 8. Nxc4 Nc6 9. dxc5 Bxc5 10. a3 Bd7 11. b4 Be7 12. Qb3 Nd5 13. Bb2 Bf6 14. e4 Bxb2 15. Qxb2 Nb6 16. Nd6 Qb8 17. Rfd1 Rd8 18. e5 Be8 19. b5 Ne7 20. Ng5 Nbd5 21. Qc2 g6 22. Nge4 Kg7 23. Nf6 Nxf6 24. exf6+ Kxf6 25. Qc3+ e5 26. f4 Kg7 27. fxe5 Kg8 28. Qf3 Qc7 29. Rac1 Qb6+ 30. Kh1 Rab8 31. Qf6 Nf5 32. a4 Ne3 33. e6 Ng4 34. exf7+ Bxf7 35. Qxf7+ Kh8 36. h3 Nf2+ 37. Kh2 Rf8 38. Qe7 Rbe8 39. Qd7 Re2 40. Rf1 Qe3 41. Rc8 Rxc8 42. Qxc8+ Kg7 43. Qxb7+ Kh8 44. Qf3 Qxf3 45. Bxf3 Rd2 46. Nc4 Rc2 47. Bg2 1-0

[Event "Regionalliga SW 1415"]
[Site "Bayern"]
[Date "2014.12.07"]
[Round "4.1"]
[White "Haizmann, Thomas"]
[Black "Schuetz, Guenter"]
[Result "1-0"]
[WhiteElo "2122"]
[BlackElo "2027"]
[PlyCount "91"]
[EventDate "2014.10.19"]
[EventType "team-tourn"]
[EventRounds "9"]
[EventCountry "GER"]
[SourceTitle "EXT 2018"]
[Source "ChessBase"]
[SourceDate "2017.10.13"]
[SourceVersion "1"]
[SourceVersionDate "2017.10.13"]
[SourceQuality "1"]
[WhiteTeam "Muenchen Siemens"]
[BlackTeam "Bayern Muenchen III"]
[WhiteTeamCountry "GER"]
[BlackTeamCountry "GER"]

1. d4 f5 2. Qd3 d6 3. Nf3 Nf6 4. Nc3 g6 5. e4 c6 6. e5 dxe5 7. Nxe5 Be6 8. Be2 Nbd7 9. Bf4 Bg7 10. Bf3 0-0 11. 0-0 Nxe5 12. Bxe5 Qd7 13. Rfe1 Rfe8 14. Rad1 Rad8 15. h3 Nd5 16. Bxg7 Kxg7 17. Re5 Nxc3 18. Qxc3 Bd5 19. Bxd5 cxd5 20. Rde1 e6 21. Qe3 Kf7 22. Qh6 Kg8 23. h4 Qf7 24. R1e3 Rd6 25. Rg3 Qg7 26. Qf4 Rc6 27. c3 h6 28. Qe3 Kf7 29. Qd3 Qf6 30. Rh3 Ra6 31. a3 h5 32. Qd2 Rb6 33. Qe2 Rc8 34. Rhe3 Rcc6 35. g3 Rb3 36. Rd3 Rcb6 37. Rd2 f4 38. Rc2 Rc6 39. Qd2 fxg3 40. fxg3 Qf3 41. Qe1 Kg7 42. Re3 Qg4 43. Rf2 Rbb6 44. Ref3 Qf5 45. Rxf5 gxf5 46. Qe3 1-0

[Event "Regionalliga SW 1314"]
[Site "Bayern"]
[Date "2013.12.15"]
[Round "4.2"]
[White "Krug, Norbert"]
[Black "Haizmann, Thomas"]
[Result "1/2-1/2"]
[WhiteElo "2158"]
[BlackElo "2139"]
[PlyCount "66"]
[EventDate "2013.10.13"]
[EventType "team-tourn"]
[EventRounds "9"]
[EventCountry "GER"]
[SourceTitle "EXT 2015"]
[Source "ChessBase"]
[SourceDate "2014.11.20"]
[SourceVersion "1"]
[SourceVersionDate "2014.11.20"]
[SourceQuality "1"]
[WhiteTeam "Mering"]
[BlackTeam "Muenchen Siemens"]
[WhiteTeamCountry "GER"]
[BlackTeamCountry "GER"]

1. d4 Nf6 2. c4 e6 3. Nc3 d5 4. Bg5 Be7 5. e3 0-0 6. Nf3 h6 7. Bh4 b6 8. Be2 Bb7 9. Bxf6 Bxf6 10. cxd5 exd5 11. b4 c6 12. Qb3 Qd6 13. 0-0 Nd7 14. Rfd1 a5 15. bxa5 Rxa5 16. a4 Rfa8 17. e4 dxe4 18. Nxe4 Qe7 19. Nxf6+ Qxf6 20. Qe3 c5 21. Bb5 cxd4 22. Qxd4 Bxf3 23. Qxf6 gxf6 24. Rxd7 Rxb5 25. gxf3 Rba5 26. Kh1 Rxa4 27. Rg1+ Kf8 28. Rd6 Ke7 29. Rxb6 Ra1 30. Rxa1 Rxa1+ 31. Kg2 Ra8 32. Kg3 Rg8+ 33. Kh3 Rg6 1/2-1/2

[Event "Regionalliga SW 1314"]
[Site "Bayern"]
[Date "2013.10.13"]
[Round "1.2"]
[White "Haizmann, Thomas"]
[Black "Braun, Thomas1111"]
[Result "1/2-1/2"]
[WhiteElo "2139"]
[BlackElo "2061"]
[PlyCount "30"]
[EventDate "2013.10.13"]
[EventType "team-tourn"]
[EventRounds "9"]
[EventCountry "GER"]
[SourceTitle "EXT 2015"]
[Source "ChessBase"]
[SourceDate "2014.11.20"]
[SourceVersion "1"]
[SourceVersionDate "2014.11.20"]
[SourceQuality "1"]
[WhiteTeam "Muenchen Siemens"]
[BlackTeam "Bayern Muenchen III"]
[WhiteTeamCountry "GER"]
[BlackTeamCountry "GER"]

1. d4 Nf6 2. c4 e6 3. Nf3 c5 4. Nc3 cxd4 5. Nxd4 Bb4 6. e3 Ne4 7. Bd2 Bxc3 8. Bxc3 Nxc3 9. bxc3 Qa5 10. Qd2 0-0 11. Be2 Na6 12. 0-0 Nc5 13. Nb3 Qc7 14. Qd4 b6 15. Rfd1 Rd8 1/2-1/2

[Event "Regionalliga SW 1213"]
[Site "Bayern"]
[Date "2013.04.14"]
[Round "9.2"]
[White "Haizmann, Thomas"]
[Black "Waelzel, Helmut"]
[Result "0-1"]
[WhiteElo "2143"]
[BlackElo "2237"]
[PlyCount "64"]
[EventDate "2012.10.14"]
[EventType "team-tourn"]
[EventRounds "9"]
[EventCountry "GER"]
[SourceTitle "EXT 2015"]
[Source "ChessBase"]
[SourceDate "2014.11.20"]
[SourceVersion "1"]
[SourceVersionDate "2014.11.20"]
[SourceQuality "1"]
[WhiteTeam "Muenchen Siemens"]
[BlackTeam "Haar"]
[WhiteTeamCountry "GER"]
[BlackTeamCountry "GER"]

1. d4 Nf6 2. c4 e6 3. Nf3 Bb4+ 4. Nbd2 0-0 5. g3 d5 6. Qc2 b6 7. Bg2 Bb7 8. 0-0 c5 9. Rd1 Qe7 10. a3 Bxd2 11. Bxd2 dxc4 12. dxc5 bxc5 13. Bg5 Nbd7 14. Qxc4 h6 15. Bf4 Bd5 16. Qa6 Rfc8 17. Ne5 Nb6 18. Rac1 Ne4 19. Qd3 c4 20. Qb1 f5 21. Be3 c3 22. b4 Qc7 23. Bd4 c2 24. Qa1 cxd1Q+ 25. Rxd1 Na4 26. Ng6 Nac3 27. Re1 Kh7 28. Nf4 Qc4 29. Be5 Qa2 30. Bxe4 Qxa1 31. Bxf5+ exf5 32. Rxa1 Bf7 0-1

[Event "Regionalliga SW 1213"]
[Site "Bayern"]
[Date "2013.03.17"]
[Round "8.2"]
[White "Huber, Stefan2222"]
[Black "Haizmann, Thomas"]
[Result "1/2-1/2"]
[WhiteElo "1936"]
[BlackElo "2143"]
[PlyCount "64"]
[EventDate "2012.10.14"]
[EventType "team-tourn"]
[EventRounds "9"]
[EventCountry "GER"]
[SourceTitle "EXT 2015"]
[Source "ChessBase"]
[SourceDate "2014.11.20"]
[SourceVersion "1"]
[SourceVersionDate "2014.11.20"]
[SourceQuality "1"]
[WhiteTeam "Kaufbeuren"]
[BlackTeam "Muenchen Siemens"]
[WhiteTeamCountry "GER"]
[BlackTeamCountry "GER"]

1. d4 Nf6 2. Nf3 d5 3. e3 Bf5 4. c4 e6 5. Nc3 c6 6. Qb3 Qb6 7. Qxb6 axb6 8. cxd5 exd5 9. Ne5 Nbd7 10. Bd3 Bxd3 11. Nxd3 Bd6 12. f3 0-0 13. 0-0 Rfe8 14. Bd2 Re7 15. Rae1 Rae8 16. a4 Nf8 17. b4 Ne6 18. Ra1 Nc7 19. Rfe1 h6 20. g3 Na6 21. Rab1 Nc7 22. Kf2 g5 23. a5 b5 24. h3 Kg7 25. g4 Kg6 26. Rg1 Na6 27. Ne2 Ra8 28. Nc5 Nxc5 29. dxc5 Be5 30. Nd4 Bxd4 31. exd4 Rae8 32. Rbe1 Rxe1 1/2-1/2

[Event "Regionalliga SW 1213"]
[Site "Bayern"]
[Date "2012.12.09"]
[Round "4.2"]
[White "Haizmann, Thomas"]
[Black "Hausner, Ivan"]
[Result "0-1"]
[WhiteElo "2143"]
[BlackElo "2358"]
[PlyCount "76"]
[EventDate "2012.10.14"]
[EventType "team-tourn"]
[EventRounds "9"]
[EventCountry "GER"]
[SourceTitle "EXT 2015"]
[Source "ChessBase"]
[SourceDate "2014.11.20"]
[SourceVersion "1"]
[SourceVersionDate "2014.11.20"]
[SourceQuality "1"]
[WhiteTeam "Muenchen Siemens"]
[BlackTeam "Goeggingen"]
[WhiteTeamCountry "GER"]
[BlackTeamCountry "GER"]

1. d4 Nf6 2. c4 e6 3. Nf3 c5 4. e3 d5 5. Nc3 Nc6 6. Bd3 dxc4 7. Bxc4 a6 8. a4 cxd4 9. exd4 Be7 10. 0-0 0-0 11. Re1 Nb4 12. Bg5 b6 13. Qe2 Bb7 14. Rad1 Nbd5 15. Ne5 Nxc3 16. bxc3 Nd5 17. Bxe7 Qxe7 18. Bxd5 Bxd5 19. c4 Bb7 20. Qb2 Rab8 21. d5 Rfd8 22. Qxb6 Bxd5 23. Qxa6 Bb7 24. Qa7 Qc7 25. Rxd8+ Rxd8 26. Rb1 Qxe5 27. Qxb7 h5 28. h4 Qe2 29. Qb5 Qc2 30. a5 Qa2 31. Qb6 Ra8 32. c5 Qxa5 33. Kh2 Qc3 34. Qb7 Ra2 35. c6 Rc2 36. Qc8+ Kh7 37. Qd7 Rxf2 38. c7 Qf3 0-1

[Event "Regionalliga SW 1112"]
[Site "Bayern"]
[Date "2011.11.20"]
[Round "3.2"]
[White "Haizmann, Thomas"]
[Black "Kostic, Vladimir G"]
[Result "0-1"]
[WhiteElo "2159"]
[BlackElo "2379"]
[PlyCount "84"]
[EventDate "2011.10.02"]
[EventType "team-tourn"]
[EventRounds "9"]
[EventCountry "GER"]
[SourceTitle "EXT 2013"]
[Source "ChessBase"]
[SourceDate "2012.11.22"]
[SourceVersion "1"]
[SourceVersionDate "2012.11.22"]
[SourceQuality "1"]
[WhiteTeam "Muenchen Siemens"]
[BlackTeam "Muenchen Suedost"]
[WhiteTeamCountry "GER"]
[BlackTeamCountry "GER"]

1. d4 d5 2. c4 e6 3. Nc3 Nf6 4. Bg5 Be7 5. e3 Nbd7 6. Nf3 0-0 7. Rc1 c6 8. Bd3 dxc4 9. Bxc4 b5 10. Bd3 Bb7 11. 0-0 a6 12. Bxf6 Nxf6 13. Ne4 Nd7 14. Qc2 h6 15. Rfd1 Qc7 16. a3 Rfc8 17. Nfd2 c5 18. dxc5 Bxc5 19. Nb3 Bb6 20. Qxc7 Rxc7 21. Rxc7 Bxc7 22. Nbc5 Nxc5 23. Nxc5 Bd5 24. e4 Ba2 25. Ra1 Bc4 26. Bxc4 bxc4 27. Rc1 Be5 28. Rc2 Rd8 29. Kf1 Rd1+ 30. Ke2 Rg1 31. g3 Rh1 32. h4 Bd4 33. Rxc4 Bxb2 34. Ra4 Ra1 35. Rxa6 Ra2 36. Nd7 g5 37. hxg5 hxg5 38. f4 g4 39. Ke3 Bc1+ 40. Kd3 Rd2+ 41. Kc3 Rxd7 42. a4 Bd2+ 0-1

[Event "Regionalliga SW 1011"]
[Site "Bayern"]
[Date "2010.12.12"]
[Round "4.6"]
[White "Gerber, Helmut"]
[Black "Haizmann, Thomas"]
[Result "0-1"]
[WhiteElo "1714"]
[BlackElo "2129"]
[PlyCount "57"]
[EventDate "2010.10.10"]
[EventType "team-tourn"]
[EventRounds "9"]
[EventCountry "GER"]
[SourceTitle "EXT 2012"]
[Source "ChessBase"]
[SourceDate "2011.11.24"]
[SourceVersion "1"]
[SourceVersionDate "2011.11.24"]
[SourceQuality "1"]
[WhiteTeam "Goeggingen"]
[BlackTeam "Muenchen Siemens"]
[WhiteTeamCountry "GER"]
[BlackTeamCountry "GER"]

1. d4 Nf6 2. Nf3 d5 3. c4 e6 4. Nc3 Be7 5. Bg5 0-0 6. e3 h6 7. Bh4 b6 8. Qb3 Bb7 9. Bxf6 Bxf6 10. cxd5 exd5 11. Rd1 Qd6 12. Be2 Re8 13. 0-0 c6 14. Rfe1 Nd7 15. a3 Rad8 16. Rd2 Nf8 17. Qc2 Ne6 18. Red1 Qe7 19. Qa4 Qc7 20. Qc2 b5 21. Rc1 Qb6 22. Qb3 Ng5 23. Nxg5 Bxg5 24. Bd3 Rxe3 25. Rf1 Re7 26. Rdd1 Rde8 27. Qc2 Bf6 28. Ne2 Kh8 29. Bf5 0-1

[Event "Regionalliga SW 0910"]
[Site "Bayern"]
[Date "2010.02.28"]
[Round "7.6"]
[White "Mueller, Marcus"]
[Black "Haizmann, Thomas"]
[Result "1/2-1/2"]
[WhiteElo "2059"]
[BlackElo "2129"]
[PlyCount "74"]
[EventDate "2009.10.18"]
[EventType "team-tourn"]
[EventRounds "9"]
[EventCountry "GER"]
[SourceTitle "EXT 2011"]
[Source "ChessBase"]
[SourceDate "2010.11.26"]
[SourceVersion "1"]
[SourceVersionDate "2010.11.26"]
[SourceQuality "1"]
[WhiteTeam "Garching II"]
[BlackTeam "Muenchen Siemens"]
[WhiteTeamCountry "GER"]
[BlackTeamCountry "GER"]

1. Nf3 Nf6 2. c4 e6 3. Nc3 d5 4. d4 Be7 5. Bg5 h6 6. Bh4 0-0 7. e3 b6 8. Bxf6 Bxf6 9. cxd5 exd5 10. Be2 Be6 11. 0-0 c5 12. Rc1 Nc6 13. Qa4 cxd4 14. exd4 Ne7 15. Ne5 Nf5 16. Ba6 Bxe5 17. dxe5 Qg5 18. f4 Qg6 19. Bd3 Qg4 20. Bxf5 Qxf5 21. Qd4 Rac8 22. Nb5 Rxc1 23. Rxc1 Rc8 24. Rxc8+ Bxc8 25. Nxa7 Ba6 26. h3 Qb1+ 27. Kh2 Qxa2 28. Qxb6 Bd3 29. Nc6 Qc4 30. Nd4 Be4 31. e6 fxe6 32. Qd8+ Kh7 33. Nxe6 Qf1 34. Nf8+ Kg8 35. Ng6+ Kh7 36. Nf8+ Kg8 37. Ng6+ Kh7 1/2-1/2

[Event "Regionalliga SW 0910"]
[Site "Bayern"]
[Date "2009.11.15"]
[Round "2.6"]
[White "Haizmann, Thomas"]
[Black "Meszaros, Ignac"]
[Result "1-0"]
[WhiteElo "2129"]
[BlackElo "1974"]
[PlyCount "57"]
[EventDate "2009.10.18"]
[EventType "team-tourn"]
[EventRounds "9"]
[EventCountry "GER"]
[SourceTitle "EXT 2011"]
[Source "ChessBase"]
[SourceDate "2010.11.26"]
[SourceVersion "1"]
[SourceVersionDate "2010.11.26"]
[SourceQuality "1"]
[WhiteTeam "Muenchen Siemens"]
[BlackTeam "Goeggingen"]
[WhiteTeamCountry "GER"]
[BlackTeamCountry "GER"]

1. d4 Nf6 2. c4 g6 3. Nc3 d5 4. Nf3 Bg7 5. Qb3 dxc4 6. Qxc4 0-0 7. Bf4 c6 8. e3 Nbd7 9. Be2 Nb6 10. Qb3 Be6 11. Qc2 Nfd5 12. Bg3 Nb4 13. Qd1 N4d5 14. 0-0 Rc8 15. Ne4 Nd7 16. Rc1 Bf5 17. Ned2 N7f6 18. Qa4 Ra8 19. a3 h6 20. Qb3 Qb6 21. Qa2 Be6 22. Qb1 Nh5 23. Be5 Bxe5 24. Nxe5 Ng7 25. Bd3 Qd8 26. b4 Nb6 27. Nb3 Bxb3 28. Qxb3 Nd7 29. Nxg6 1-0

[Event "Regionalliga SW 0809"]
[Site "Bayern"]
[Date "2009.03.15"]
[Round "8.6"]
[White "Schwarzberg, Ilja"]
[Black "Haizmann, Thomas"]
[Result "0-1"]
[WhiteElo "2085"]
[BlackElo "2125"]
[PlyCount "136"]
[EventDate "2008.10.05"]
[EventType "team-tourn"]
[EventRounds "9"]
[EventCountry "GER"]
[SourceTitle "EXT 2020"]
[Source "ChessBase"]
[SourceDate "2019.10.17"]
[SourceVersion "1"]
[SourceVersionDate "2019.10.17"]
[SourceQuality "1"]
[WhiteTeam "Muenchen Tarrasch II"]
[BlackTeam "Muenchen Siemens"]
[WhiteTeamCountry "GER"]
[BlackTeamCountry "GER"]

1. e4 Nf6 2. e5 Nd5 3. Nc3 Nxc3 4. dxc3 d6 5. Bc4 Nc6 6. Nf3 dxe5 7. Qxd8+ Nxd8 8. Nxe5 f6 9. Nf3 e5 10. Be3 Be6 11. Bb5+ c6 12. Ba4 Bd6 13. 0-0 Ke7 14. Nd2 Nf7 15. f4 exf4 16. Bxf4 Bxf4 17. Rxf4 Ne5 18. Re1 Rhe8 19. Bb3 Bxb3 20. Nxb3 Kf7 21. Kf1 b6 22. Rh4 h6 23. a4 c5 24. a5 Nc6 25. Rxe8 Rxe8 26. axb6 axb6 27. Ra4 Ne5 28. Nd2 Ke6 29. Ra6 Rb8 30. h3 Kd5 31. Ra7 g6 32. b3 Re8 33. Rg7 Ra8 34. Rb7 Kc6 35. Re7 Kd6 36. Rb7 Kc6 37. Re7 Nd7 38. Nf3 Kd6 39. Re2 Ne5 40. Nd2 Ra7 41. Ne4+ Ke6 42. Rd2 Rd7 43. Re2 f5 44. Nd2 Kf6 45. c4 Re7 46. Nb1 Nc6 47. Rd2 Nd4 48. Nc3 Re6 49. Kf2 g5 50. b4 cxb4 51. Rxd4 bxc3 52. Rd3 Ke5 53. h4 Rc6 54. Rxc3 Kd4 55. Rg3 Rg6 56. h5 Rc6 57. Ke2 Rxc4 58. Kd2 Ke5 59. Re3+ Kf6 60. Rb3 Rc6 61. Ke3 g4 62. Rb5 Kg5 63. Kd3 Rf6 64. g3 Kxh5 65. Kd4 Kg5 66. c4 h5 67. Ke5 Rc6 68. Kd5 Rc5+ 0-1

[Event "Regionalliga SW 0708"]
[Site "Bayern"]
[Date "2007.11.25"]
[Round "3.5"]
[White "Koch, Enrico"]
[Black "Haizmann, Thomas"]
[Result "1/2-1/2"]
[WhiteElo "2056"]
[BlackElo "2111"]
[PlyCount "38"]
[EventDate "2007.10.21"]
[EventType "team-tourn"]
[EventRounds "9"]
[EventCountry "GER"]
[SourceTitle "EXT 2009"]
[Source "ChessBase"]
[SourceDate "2008.11.26"]
[SourceVersion "1"]
[SourceVersionDate "2008.11.26"]
[SourceQuality "1"]
[WhiteTeam "Muenchen Tarrasch II"]
[BlackTeam "Muenchen Siemens"]
[WhiteTeamCountry "GER"]
[BlackTeamCountry "GER"]

1. Nf3 Nf6 2. c4 e6 3. g3 d5 4. Bg2 Be7 5. 0-0 0-0 6. d4 dxc4 7. Qc2 a6 8. Qxc4 b5 9. Qc2 Bb7 10. Bg5 Nbd7 11. Bxf6 Nxf6 12. Nbd2 Rc8 13. Nb3 Be4 14. Qd1 c5 15. Nxc5 Bxc5 16. dxc5 Rxc5 17. Qxd8 Rxd8 18. Rfd1 Rdc8 19. Nd4 Bxg2 1/2-1/2